00434nam a2200157Ia 450000500170000000800410001702000240005804100090008208200140009110000180010524500490012325000120017226000480018430000200023265000240025220250529131014.0250327s9999 xx 000 0 und d a9789353337056qpbk. aeng. a332.6 DHO aDhoot, Ritesh 2aA Safari In the Equity Worldc/Ritesh Dhoot; a1ST ED. bRupa publications india,c2019.aNew Delhi: a180 p. :c19cm. aFinancial economics